International financial economics : (Record no. 6139)

MARC details
000 -LEADER
fixed length control field 00716nam a22002292 4500
001 - CONTROL NUMBER
control field 0000002971
005 - DATE AND TIME OF LATEST TRANSACTION
control field 20151217151909.0
008 - FIXED-LENGTH DATA ELEMENTS--GENERAL INFORMATION
fixed length control field 070424s xx 000 0 eng d
020 ## - INTERNATIONAL STANDARD BOOK NUMBER
International Standard Book Number 0195175042 :
Terms of availability KES 5,249
040 ## - CATALOGING SOURCE
Original cataloging agency KABU
Transcribing agency KABU
050 #0 - LIBRARY OF CONGRESS CALL NUMBER
Classification number HG3881
Item number .O27 2006
100 1# - MAIN ENTRY--PERSONAL NAME
Personal name O'Brien, Thomas J.
-- 0000152530
245 10 - TITLE STATEMENT
Title International financial economics :
Remainder of title corporate decisions in global markets.
250 ## - EDITION STATEMENT
Edition statement 2nd ed.
260 ## - PUBLICATION, DISTRIBUTION, ETC. (IMPRINT)
Place of publication, distribution, etc. Oxford :
Name of publisher, distributor, etc. OUP,
Date of publication, distribution, etc. 2006.
300 ## - PHYSICAL DESCRIPTION
Extent xi, 302 p.
650 #0 - SUBJECT ADDED ENTRY--TOPICAL TERM
Topical term or geographic name as entry element International finance.
-- 0000149975
650 #0 - SUBJECT ADDED ENTRY--TOPICAL TERM
Topical term or geographic name as entry element International business enterprises
General subdivision Finance.
-- 0000152529
908 ## - PUT COMMAND PARAMETER (RLIN)
Put command parameter 070424
950 ## - LOCAL HOLDINGS (RLIN)
-- 1
Holdings
Withdrawn status Lost status Source of classification or shelving scheme Not for loan Home library Current library Date acquired Total Checkouts Full call number Barcode Date last seen Price effective from Koha item type
    Library of Congress Classification   Kabarak, Main Campus Kabarak, Main Campus 17/12/2015   HG3881 .O27 2006 005295 17/12/2015 17/12/2015 General Collection
Designed with assistance from East African Informatics Ltd